000 00522nam a2200121Ia 4500
008 220615s9999||||xx |||||||||||||| ||und||
245 0 _aEthnographies of Waiting
_bDoubt, Hope and Uncertainty (Edition 1)
546 _aEnglish[eng]
650 _aSocial Science||Anthropology||General||Social Science||Anthropology||Cultural & Social||Social Science||Sociology||General
700 _aBandak, Andreas||Janeja, Manpreet K.
856 _uhttps://library.oapen.org/bitstream/20.500.12657/43482/1/external_content.pdf
942 _cEB
999 _c9041
_d9041